| 000 | 00699nam a2200253Ia 4500 | ||
|---|---|---|---|
| 003 | OSt | ||
| 005 | 20221005045842.0 | ||
| 006 | a|||||r|||| 00| 0 | ||
| 007 | ta | ||
| 008 | 221004b |||||||| |||| 00| 0 ben d | ||
| 020 | _a818547141X (hbk) | ||
| 024 | _a17875 | ||
| 037 |
_bGift, 26/05/2015, _cTextual |
||
| 040 |
_aCRL _cCRL _bben |
||
| 041 |
_2ben _aben |
||
| 082 | _aO157,3:g, N6 | ||
| 100 |
_aRoy Ravinder Nath _9594074 |
||
| 245 | 0 | _aChotegalper kath | |
| 260 |
_aKolkata _bPushak Vipni India _c1996 |
||
| 300 |
_a144p. _ccm. |
||
| 650 | _aBENGALI LITERATURE | ||
| 942 |
_hO157,3:g, N6 _cTEXL _2cc |
||
| 999 |
_c955813 _d955813 |
||